000 00592nam a22002297a 4500
003 UA-OsUOA
001 37516
007 ta
008 20070325b un ||||| |||| 00| 0 ukr d
100 _aПравобережний Ф.
090 _a82-94
_bП68
942 _cBK
040 _aUA-OsUOA
_bukr
_cUA-OsUOA
_dUA-OsUOA
245 _a8 000 000. 1933-й рік на Україні
300 _a83 с.
955 _a1
041 _aukr
080 _a82-94
260 _aВінніпег
_c1951
650 7 _a82 Література. Літературознавство
_2UDC
999 _c436040
_d436040